| 000 | 00769pam a22002655a 4500 | ||
|---|---|---|---|
| 001 | 016683301 | ||
| 003 | Uk | ||
| 005 | 20161108144123.0 | ||
| 008 | 140306t2014 enka fr 001 0 eng d | ||
| 020 | _a9781137340856 (pbk.) | ||
| 040 |
_aStDuBDS _beng _cStDuBDS _dUk _dEG-ScBUE |
||
| 082 | 0 | 4 |
_a658.00151 _222 _bOAK |
| 100 | 1 | _aOakshott, Les. | |
| 245 | 1 | 0 |
_aQuantitative methods / _cLes Oakshott. |
| 260 |
_aLondon : _bPalgrave Macmillan, _c2014. |
||
| 300 |
_axv, 234 p. : _bill. ; _c19 cm. |
||
| 490 | 0 | _aBusiness briefings | |
| 500 | _aIndex : p. 231-234. | ||
| 504 | _aBibliography : p. 230. | ||
| 590 | _aSAMEH | ||
| 650 | 7 |
_aIndustrial management _xMathematical models. _2BUEsh _925973 |
|
| 651 | _2BUEsh | ||
| 653 |
_bBUSADM _cNovember2016 |
||
| 942 | _2ddc | ||
| 999 |
_c23066 _d23038 |
||